000 00660nam1a22002291i 4500
001 rc\2654872
005 20240726035844.0
035 _a(NLR Aleph) 006962187
090 _a5355565
_c5355565
100 _a20110614d1930 |||y0rusy50 ca
101 0 _arus
102 _aRU
105 _ay z |||||
200 1 _aСтенограммы лекций по радио № 1
210 _a[Москва]
_cизд-е НКПТ
_d1930
215 _d18 см
300 _aБез тит. л. и обложки
710 0 2 _aКурсы ударников по радио
801 0 _aRU
_bNLR
_gpsbo
801 1 _aRU
_bELAR
_2rusmarc
852 _aNLR
_j32-15/362
942 _cBOOK